Government of Ireland (Record no. 120981)

MARC details
000 -LEADER
fixed length control field 00932cai a22002055a 4500
001 - CONTROL NUMBER
control field L156071
008 - FIXED-LENGTH DATA ELEMENTS--GENERAL INFORMATION
fixed length control field 120427u2012 xxk g 000 0 eng d
035 ## - SYSTEM CONTROL NUMBER
System control number (Sirsi) u156071
041 0# - LANGUAGE CODE
Language code of text/sound track or separate title eng
110 2# - MAIN ENTRY--CORPORATE NAME
Corporate name or jurisdiction name as entry element Government of Ireland
Subordinate unit Department of Communications Energy and Natural Resources
9 (RLIN) 6055
245 00 - TITLE STATEMENT
Title Government of Ireland
Remainder of title Department of Communications Energy and Natural Resources
Medium [electronic resource]
260 ## - PUBLICATION, DISTRIBUTION, ETC.
Place of publication, distribution, etc. Dublin
Name of publisher, distributor, etc. DCENR
Date of publication, distribution, etc. 2012
520 ## - SUMMARY, ETC.
Summary, etc. Department of Communications, Energy and Natural Resources promotes security, sustainability and competitiveness of energy supply for the economy and society. This is set in the context of emerging EU and global energy developments.
590 ## - LOCAL NOTE (RLIN)
Local note KA
651 #4 - SUBJECT ADDED ENTRY--GEOGRAPHIC NAME
Geographic name Ireland (Republic of)
Chronological subdivision
690 ## - LOCAL SUBJECT ADDED ENTRY--TOPICAL TERM (OCLC, RLIN)
Topical term or geographic name as entry element Energy
9 (RLIN) 6237
690 ## - LOCAL SUBJECT ADDED ENTRY--TOPICAL TERM (OCLC, RLIN)
Topical term or geographic name as entry element Environment
9 (RLIN) 6238
856 40 - ELECTRONIC LOCATION AND ACCESS
Uniform Resource Identifier <a href="https://www.dcenr.gov.ie/Energy/">https://www.dcenr.gov.ie/Energy/</a>
Public note View the website free of charge at www.dcenr.gov.ie
942 ## - ADDED ENTRY ELEMENTS (KOHA)
Suppress in OPAC 0
Holdings
Withdrawn status Lost status Source of classification or shelving scheme Damaged status Not for loan Home library Current library Shelving location Date acquired Total Checkouts Full call number Barcode Date last seen Copy number Price effective from Koha item type
    Dewey Decimal Classification     Virtual Virtual Online 27/04/2012   WEBSITE 156071-2001 06/08/2019 1 06/08/2019 Online material